LEADER 01342nam0 22003133i 450 001 SUN0099052 005 20140909124432.195 010 $a88-615-2014-6$d0.00 100 $a20140909d2007 |0itac50 ba 101 $aita 102 $aIT 105 $a|||| ||||| 200 1 $aˆLa ‰costituzione demotica$fStephane Pierre-Caps 205 $aCavallino : Pensa editore$b2007 210 $d58 p. ; 17 cm 215 $aIn copertina: traduzione a cura di Antonello Denuzzo. - Nell'occhietto: Circulo constitucional euro americano, sezione dell'Università di Lecce. 410 1$1001SUN0033875$12001 $aCostituzionalismi difficili$v21$1210 $aCavallino$cPensa. 606 $aCostituzioni politiche$xTeorie$2SG$3SUNC030000 620 $dCavallino$3SUNL000237 676 $a342.0201$v21 700 1$aPierre-Caps$b, Stephane$3SUNV077943$0476789 702 1$aDenuzzo$b, Antonello$3SUNV077949$4730 712 $aPensa$3SUNV000244$4650 801 $aIT$bSOL$c20181109$gRICA 912 $aSUN0099052 950 $aUFFICIO DI BIBLIOTECA DEL DIPARTIMENTO DI GIURISPRUDENZA$d00 CONS VIII.Eb.376 $e00 DG 2367 995 $aUFFICIO DI BIBLIOTECA DEL DIPARTIMENTO DI GIURISPRUDENZA$gDG$h2367$kCONS VIII.Eb.376$op$qa 996 $aCostituzione demotica$9238452 997 $aUNICAMPANIA LEADER 02167nam 2200529 a 450 001 9910456793003321 005 20200520144314.0 010 $a1-61324-553-X 035 $a(CKB)2550000000044246 035 $a(EBL)3019683 035 $a(SSID)ssj0000522353 035 $a(PQKBManifestationID)12179982 035 $a(PQKBTitleCode)TC0000522353 035 $a(PQKBWorkID)10528472 035 $a(PQKB)11065266 035 $a(MiAaPQ)EBC3019683 035 $a(Au-PeEL)EBL3019683 035 $a(CaPaEBR)ebr10671248 035 $a(OCoLC)923661697 035 $a(EXLCZ)992550000000044246 100 $a20091215d2010 uy 0 101 0 $aeng 135 $aur|n|---||||| 181 $ctxt 182 $cc 183 $acr 200 10$aEnvironmental change and medicine$b[electronic resource] /$fViroj Wiwanitkit 210 $aNew York $cNova Biomedical Books$dc2010 215 $a1 online resource (92 p.) 225 1 $aEnvironmental health--physical, chemical and biological factors series 300 $aDescription based upon print version of record. 311 $a1-60876-155-X 320 $aIncludes bibliographical references and index. 327 $aEnvironmental change in medicine : present concepts -- Vector and vector borne disease in situation of present environmental change -- Pathogens in environmental change : mutation to resistance -- Psychopathology responding to environmental change -- Focus on pregnancy and fertility in environmental change -- Environmental change : impact on maternal and child health -- Pediatric focus and immunization requirement -- Geriatric focus -- Global warming and medicine -- Nutritional concern in natural disaster -- Medical economics and political hot issues. 410 0$aEnvironmental health (Nova Science Publishers) 606 $aEnvironmental health 608 $aElectronic books. 615 0$aEnvironmental health. 676 $a613/.1 700 $aViroj Wiwanitkit$0859676 801 0$bMiAaPQ 801 1$bMiAaPQ 801 2$bMiAaPQ 906 $aBOOK 912 $a9910456793003321 996 $aEnvironmental change and medicine$91927877 997 $aUNINA